How to Slove it by Computer (Record no. 7967)

MARC details
000 -LEADER
fixed length control field 00296nam a2200121Ia 4500
008 - FIXED-LENGTH DATA ELEMENTS--GENERAL INFORMATION
fixed length control field 191201s2014 xx 000 0 und d
100 ## - MAIN ENTRY--PERSONAL NAME
Personal name DROMEY,R.G
245 #0 - TITLE STATEMENT
Title How to Slove it by Computer
250 ## - EDITION STATEMENT
Edition statement IMP 1st
260 ## - PUBLICATION, DISTRIBUTION, ETC. (IMPRINT)
Date of publication, distribution, etc 2014
Name of publisher, distributor, etc Pearson Education
Place of publication, distribution, etc NEW DELHI
300 ## - PHYSICAL DESCRIPTION
Extent 442
942 ## - ADDED ENTRY ELEMENTS (KOHA)
Source of classification or shelving scheme Dewey Decimal Classification
Koha item type Text Books
Holdings
Withdrawn status Lost status Source of classification or shelving scheme Damaged status Not for loan Collection code Home library Current library Date acquired Source of acquisition Cost, normal purchase price Bill Number Total Checkouts Full call number Acc. no. / Barcode Date last seen Actual Cost, discounted price Bill Date Koha item type
    Dewey Decimal Classification     BCA PIET C-LIBRARY PIET C-LIBRARY 23/03/2017 Kirti Prakashan 669.00 IN 5616   502.8 DRH BC1204 04/12/2019 461.61 23/03/2017 Text Books
    Dewey Decimal Classification     BCA PIET C-LIBRARY PIET C-LIBRARY 23/03/2017 Kirti Prakashan 669.00 IN 5616   502.8 DRH BC1205 04/12/2019 461.61 23/03/2017 Text Books
    Dewey Decimal Classification     BCA PIET C-LIBRARY PIET C-LIBRARY 23/03/2017 Kirti Prakashan 669.00 IN 5616   502.8 DRH BC1206 04/12/2019 461.61 23/03/2017 Text Books
    Dewey Decimal Classification     BCA PIET C-LIBRARY PIET C-LIBRARY 23/03/2017 Kirti Prakashan 669.00 IN 5616   502.8 DRH BC1207 04/12/2019 461.61 23/03/2017 Text Books

Design & Developed by: PIET Central Library
R70 Miles Stone Pattikalyana Samalkha Panipat 132102
mail ID :- [email protected], Phone No:- 0180-2569700 Ex.216